00333nam a2200109 a 4500020001500000041000800015100002500023245007000048260006300118300001100181700003100192 a9583387592 aspa aMorales Soto, León aArboles ornamentales en el Valle de Aburrábelementos de manejo aMedellínbArea Metropolitana del Valle de Aburrác2006 a339 p. aVarón Palacio , Teresita